000 00458nam a22001577a 4500
020 _qHard Cover.
082 _a004
100 _aNasim, faisal
245 _aAndroid Malware Analysis /
_cFaisal Nasim.
260 _aIslamabad:
_bMCS - NUST,
_c2015.
300 _a97 p. :
_bill. ;
_c30cm.
650 _aInformation Security MS-Thesis.
_916348
700 _aDr. Babar Aslam
_935089
942 _2ddc
_cTHE
999 _c541018
_d541018